000 00919nam a2200277Ia 4500
001 Para_1153
003 CHAP
008 220125s1997 xx 000 0 und d
010 _a199879
040 _cCHAP
090 _aPA TESIS 1119
100 _aGarcía Romero, José Ulises
_946550
245 _aDeterminación de plagas de importancia cuarentenaria para México en importaciones de estacas de rosal (Rosa sp.) /
_c por Jose Ulises García Romero
260 _aChapingo, Méx. :
_b El autor
300 _a63 h.
502 _aTesis (Ing. Agr. Esp. en Parasitología Agrícola), UACh. Depto. Parasitología
650 _aRosas
_x plagas
_999982
710 _aUACh. Departamento Parasitología Agrícola
_9164025
901 _aPA TESIS 1119
902 _aA
905 _a0000001997 a 0000000000 00
910 _a1997
942 _cPARA
942 _cPARA
_d1
999 _c199879
_d199879